| 000 | 01303cam a2200313 i 4500 | ||
|---|---|---|---|
| 003 | SA-RiAUC | ||
| 005 | 20250822134658.0 | ||
| 008 | 250820s1982 su g 000r0dara c | ||
| 040 |
_aSA-RiAUC _bara _cSA-RiAUC _erda |
||
| 043 | _aa-su--- | ||
| 082 | 0 | 4 | _a252.5 |
| 090 |
_a252.5 _bج ا س |
||
| 100 | 1 |
_aالجاسر، حمد، _d1328-1421 هجري _eمؤلف. |
|
| 245 | 1 | 0 |
_aأشهر رحلات الحج : _bملخص رحلتي ابن عبد السلام الدرعي / _cحمد الجاسر. |
| 250 | _aالطبعة الأولى. | ||
| 264 | 1 |
_aالرياض : _bدار الرفاعي، _c[1982] |
|
| 300 |
_a175 صفحة ؛ _c24 سم. |
||
| 336 |
_aنص _btxt _2rdacontent _3كتاب |
||
| 337 |
_aبدون وسيط _bn _2rdamedia |
||
| 338 |
_aمجلد _bnc _2rdacarrier |
||
| 440 | 0 |
_aفي رحاب الحرمين : أشهر رحلات الحج _v1 |
|
| 600 | 1 | 7 |
_aابن عبد السلام، محمد بن عبد السلام بن عبد الله، _dتوفي 1239 هجري _2aucnm |
| 650 | 7 |
_aالحج _2aucsh |
|
| 651 | 7 |
_aمكة المكرمة _xوصف ورحلات _2aucsh |
|
| 651 | 7 |
_aالمدينة المنورة _xوصف ورحلات _2aucsh |
|
| 651 | 7 |
_aمكة المكرمة _xوصف ورحلات _2aucsh |
|
| 942 |
_2ddc _cBOOK _n0 |
||
| 949 |
_aSA-JeALM _d250820 _umohamedma123 _n1 |
||
| 999 |
_c11029 _d11029 |
||